Five thousands personalities of the World (Record no. 14233)

MARC details
000 -LEADER
fixed length control field 00352nam a2200133Ia 4500
082 ## - DEWEY DECIMAL CLASSIFICATION NUMBER
Classification number RR 920.02 FIV;
245 #0 - TITLE STATEMENT
Title Five thousands personalities of the World
250 ## - EDITION STATEMENT
Edition statement 2nd
260 ## - PUBLICATION, DISTRIBUTION, ETC. (IMPRINT)
Place of publication California
Name of publisher American Biographical Institute
Year of publication 1990
300 ## - PHYSICAL DESCRIPTION
Number of Pages xxv, 552p.
650 ## - SUBJECT ADDED ENTRY--TOPICAL TERM
Topical Term Persons - Biography
650 ## - SUBJECT ADDED ENTRY--TOPICAL TERM
Topical Term Celebrities - Biography
942 ## - ADDED ENTRY ELEMENTS (KOHA)
Koha item type Books
Holdings
Withdrawn status Lost status Damaged status Not for loan Home library Current library Date acquired Bill Date Full call number Accession Number Price effective from Koha item type
        NASSDOC Library NASSDOC Library 08/06/2004 2008-12-30 RR 920.02 FIV; 31156 18/04/2019 Books